Llwytho...
| LEADER | 00496nam a2200169Ia 4500 | ||
|---|---|---|---|
| 001 | 156292 | ||
| 008 | 170722s9999 xx 000 0 und d | ||
| 100 | |a Yusuf, Shahid | ||
| 245 | |a China urbanizes / | ||
| 260 | |b WB , |c 2008. | ||
| 500 | |a Directions in Development | ||
| 653 | |a China | ||
| 653 | |a Urban | ||
| 700 | |a . Saich, Tony | ||
| 942 | |c GEN | ||
| 999 | |c 174289 |d 174289 | ||
| 952 | |0 0 |1 0 |4 0 |6 307_121609510000000_P8 |7 0 |8 UN |9 240129 |a LIB |b LIB |d 2017-08-12 |o 307.12160951 P8 |p UN2975 |r 2017-08-12 |w 2017-08-12 |y GEN | ||